| 000 | 00837nam a2200217 4500 | ||
|---|---|---|---|
| 001 | 113594 | ||
| 003 | DR-UNIBE | ||
| 005 | 20250512091402.0 | ||
| 008 | 250512b |||||||| |||| 00| 0 spa d | ||
| 040 |
_aBIBLIOTECA UNIBE _cBIBLIOTECA UNIBE _bspa _erda |
||
| 041 | _aspa | ||
| 082 |
_222 _a342.7295029 P977d |
||
| 110 | 1 | 0 |
_aPuerto Rico. Constituyente _9195210 _eautor |
| 245 | 1 | 0 |
_aDiario de sesiones de la Convención Constituyente de Puerto Rico : _b1951 y 1952 / |
| 250 | _aEdición conmemorativa | ||
| 260 |
_aHato Rey : _bLexis-Nexis, _c2003 |
||
| 300 |
_a4 tomos : _c22 x 15 cm |
||
| 505 | _aTomo 1: Sesión inaugural, septiembre 17, 1951 | Tomo 2: Sesión diciembre 11 , 1951 | Tomo 3: Sesiones enero , 1952 Tomo 4: sesiones febrero y julio, 1952 | ||
| 651 |
_aPuerto Rico _xConstitución _9194806 |
||
| 942 |
_2ddc _cBK |
||
| 999 |
_c113594 _d113594 |
||